=LDR 00000nam 2200000 4500 =001 000285 =005 20250710010112 =035 ##$$a 0010-0725000127 =007 ta =008 250710################a##########0#ind## =020 ##$$a 978-623-307-320-2 =082 ##$$a 398.209 598 =084 ##$$a 398.209 598 DAS p =100 #$$a Das Aditi =245 1#$$a Perjamuan Kerajaan /$c Aditi Das =250 ##$$a Cetakan Pertama 2024 =260 ##$$a Jakarta :$b Badan Pengembangan dan Pembinaan Bahasa,$c 2022 =300 ##$$a 21 hlm : $b Ilus. ; $c 21 cm =650 #4$$a Cerita Anak Indonesia - Terjemahan =990 ##$$a TBM2024011023